000 00627nam a2200217 a 4500
005 20260322212046.0
008 data
010 _a 94148082
020 _a0307165205
020 _a9780307165206
040 _aDLC
_cDLC
050 0 0 _aBS551.2
_b.C46 1993
082 0 0 _a220.9/505
_220
092 _a220.95 C46 1993
130 0 _aChildren's Bible.
245 1 4 _aThe Golden children's Bible :
_bthe Old Testament and the New Testament.
260 _aRacine, Wisc. :
_bWestern Pub. Co.,
_aRacine, Wisc. :
_bWestern Pub. Co.,
_cc1993.
300 _a510 p. :
_bcol. ill. ;
_c27 cm.
650 0 _aBible stories, English.
001 data
999 _c1094
_d1094